LEADER 01054nam a2200253 i 4500 001 000000169009 003 CaOOAMICUS 005 20080206000000.0 008 080206s1981 it u000 u ita u 013 $a146412 040 $aSeMil$bita 100 1 $aPanzeri, Giulio <1932->.$0(OLS)http://semarc/name/33291 245 14$aUno solo č il nostro maestro /$cGiulio Panzeri. 260 $aDesio :$bCollegio Arcivescovile Pio 11.,$c1981. 300 $a161 p. ;$c24 cm. 500 $aIn prel. : Dedica autografa al Card. Colombo. - Fondo card. Giovanni Colombo. 650 4$aChiesa e educazione.$0(OLS)http://semarc/subject/22355 650 4$aScuola cattolica - Educazione.$0(OLS)http://semarc/subject/17731 850 $aSeMil 852 $aSeMil$W1$xVenegono$y1$m3GC IV 355$j119991$B119991$CSeMilBibl$Z2$F131197 $8B 941 1 $a3 961 $aLascito: Colombo Card. Giovanni 996 $6245$aUno solo č il nostro maestro$9(OLS)http://semarc/title/175417 996 $6260$aDesio :$bCollegio Arcivescovile Pio 11.$9(OLS)http://semarc/publisher/37175 LEADER 00619naa a2200145 i 4500 001 000000303458 003 CaOOAMICUS 005 20180831172800.0 008 180831n xx u000 u und u 013 $a11238 040 $aSeMil$bita 100 1 $aRicca, Paolo,$d<1936-2024>.$0(OLS)http://semarc/name/306 245 13$aIl battesimo di Gesų nel Giordano :$bstoria e teologia. 773 0 $tAlle origini del battesimo cristiano.$dRoma : Pontificio Ateneo S. Anselmo, 1991.$kStudia Anselmiana$kStudia anselmiana. Sacramentum$w()38331 996 $6245$aIl battesimo di Gesų nel Giordano :$bstoria e teologia$9(OLS)http://semarc/title/379424